000
00295nam a2200133Ia 4500
008
240624s9999 xx 000 0 und d
041
_a
eng
082
_a
823 GAA
100
_a
GAARDER JOSTEIN
245
_a
MAYA
260
_c
2000
_a
London
_b
Orion
300
_a
344 : p. : cm. ; 17
365
_c
BPS
999
_c
3828
_d
3828